Toma tu Cruz / (Record no. 80053)
[ view plain ]
| 000 -LEADER | |
|---|---|
| campo de control de longitud fija | 00388nam a2200145 i 4500 |
| 001 - NÚMERO DE CONTROL | |
| campo de control | 80053 |
| 003 - IDENTIFICADOR DE NÚMERO DE CONTROL | |
| campo de control | ES-MaACL |
| 007 - CAMPO FIJO DE DESCRIPCIÓN FÍSICA--INFORMACIÓN GENERAL | |
| campo de control de longitud fija | t| |
| 008 - DATOS DE LONGITUD FIJA--INFORMACIÓN GENERAL | |
| campo de control de longitud fija | 041026s1966 sp ||||1| spa d |
| 100 1# - ENTRADA PRINCIPAL--NOMBRE DE PERSONA | |
| Nombre de persona | Hevia Losa, Jacobo. |
| 9 (RLIN) | 63507 |
| 245 10 - MENCIÓN DEL TÍTULO | |
| Título | Toma tu Cruz / |
| Mención de responsabilidad, etc. | Jacobo Hevia Losa. |
| 260 ## - PUBLICACIÓN, DISTRIBUCIÓN, ETC. | |
| Lugar de publicación, distribución, etc. | Villaba (Pamplona) : |
| Nombre del editor, distribuidor, etc. | OPE, |
| Fecha de publicación, distribución, etc. | [1966] |
| 300 ## - DESCRIPCIÓN FÍSICA | |
| Extensión | 183 p. ; |
| Dimensiones | 19 cm. |
| 852 ## - LOCALIZACIÓN | |
| Ubicación | ES-MaACL |
| Número de control de estantería | G-15918 |
| Sublocalización o colección | R.62151 |
| Estatus retirado | Estado de pérdida | Estado de daño | No para préstamo | Biblioteca de origen | Biblioteca actual | Ubicación en estantería | Fecha de adquisición | Fuente de adquisición | Total de préstamos | Signatura topográfica completa | Código de barras | Visto por última vez | Precio de reemplazo | Tipo de ítem Koha |
|---|---|---|---|---|---|---|---|---|---|---|---|---|---|---|
| Biblioteca del Ateneo de Madrid | Biblioteca del Ateneo de Madrid | Sala Pecera Planta 3 | 17/01/2008 | G-15918 | 1083700 | 23/02/2023 | 23/02/2023 | Libro impreso |
